=LDR 00000nam 2200000 4500 =001 INLIS000000000018939 =005 20130612114046 =008 ***********************************Ind** =035 ##$$0010-061300000018939 =041 ##$$a Ind =082 ##$$a 371.3 =090 ##$$a 371.3, Roh p =100 ##$$a Rohani, Ahmad HM =245 ##$$a Pengelolaan pangajaran, oleh Ahmad HM Rohani, Drs. H. Abu Ahmadi =260 ##$$a 1991 $b Jakarta =300 ##$$a viii, 236 hlm, 21 cm =650 ##$$a Pendidikan =850 ##$$a NBPNMAT